| 000 | 00808nam a22002537a 4500 | ||
|---|---|---|---|
| 999 |
_c1477 _d1477 |
||
| 003 | AR-CdUCM | ||
| 008 | 190227b ||||| |||| 00| 0 spa d | ||
| 040 |
_aMUNICIPALIDAD PROVINCIAL DEL CUSCO _cBIBLIOTECA MUNICIPAL DEL CUSCO |
||
| 082 |
_2t.2 / _a869.56018 / _bBP |
||
| 110 |
_aBiblioteca Nacional _95606 |
||
| 245 |
_aAntologia de la Poesia Peruana / _cBiblioteca Nacional |
||
| 260 |
_aLima : _bEdiciones Peisa, _c1973. |
||
| 300 |
_a188 paginas ; _c20cm. |
||
| 500 | _aBiblioteca Nacional | ||
| 650 |
_aAntologia Peruana _95589 |
||
| 650 |
_aPoesia Peruana _9280 |
||
| 650 |
_aLiteratura _983 |
||
| 650 |
_aPerú _935 |
||
| 700 |
_aMunoz Rodriguez, Jose _95607 |
||
| 700 |
_aEstremadoyro, Carlos _95608 |
||
| 700 |
_aMuñoz Ordoñez, José _95609 |
||
| 942 |
_2ddc _cLIBROS |
||
| 945 |
_apjha _d2019-02-27 |
||